000 00287nam a2200121Ia 4500
008 190216s9999||||xx |||||||||||||| ||und||
100 _aKalavathy S
245 0 _aOperations Research
260 _bMacmillan India Ltd
_c2000
300 _a506p
650 _aOperation Research
942 _cBK
999 _c5899
_d5899